| 000 | 00458nam a2200181Ia 4500 | ||
|---|---|---|---|
| 001 | 9633 | ||
| 005 | 20260306161732.0 | ||
| 008 | 260306t2012||||xx |||||||||||||| ||spa|| | ||
| 041 | _aESP | ||
| 082 |
_a384 _bG37 |
||
| 100 |
_aGertner, Jon _eAUT |
||
| 245 | 4 |
_aThe idea factory: _bthe Bell Labs and the great age of American innovation |
|
| 260 | _c2012 | ||
| 300 |
_a422 páginas : _c24 cm. |
||
| 650 | _aGEN | ||
| 654 | _aCAN | ||
| 942 |
_cLIB _dJUS _fJUS _2ddc _n |
||
| 999 |
_c9633 _d9633 |
||